[Event "Medellin Depart U2000"]
[Site "Medellin"]
[Date "2011.04.12"]
[Round "6.1"]
[White "Porras, Jaiberth"]
[Black "Salcedo Perez, Pablo Esteban"]
[Result "1/2-1/2"]
[WhiteElo "2004"]
[BlackElo "1835"]
[PlyCount "76"]
[EventDate "2011.04.04"]
[EventType "swiss"]
[EventRounds "7"]
[EventCountry "COL"]
[SourceTitle "EXT 2024"]
[Source "ChessBase"]
[SourceDate "2023.10.10"]
[SourceVersion "1"]
[SourceVersionDate "2023.10.10"]
[SourceQuality "1"]

1. Nf3 c5 2. b3 Nc6 3. Bb2 d6 4. e3 Bf5 5. d4 cxd4 6. Nxd4 Nxd4 7. Qxd4 e5 8. Bb5+ Bd7 9. Qd3 Nf6 10. Nc3 Be7 11. 0-0 0-0 12. Bxd7 Qxd7 13. Nd5 Nxd5 14. Qxd5 Qc7 15. c4 Rac8 16. Rfd1 Qc6 17. e4 Qxd5 18. Rxd5 f5 19. exf5 Rxf5 20. Rad1 Rc6 21. c5 Bd8 22. Rxd6 Rxd6 23. Rxd6 Be7 24. Rd5 Kf7 25. b4 Ke6 26. Rd3 a5 27. a3 Rf4 28. Bc3 Rc4 29. Kf1 axb4 30. axb4 g6 31. Re3 e4 32. f3 Kd5 33. fxe4+ Rxe4 34. Ke2 Rxe3+ 35. Kxe3 Kc4 36. Be1 h5 37. Ke4 Bf6 38. Kf4 Kb5 1/2-1/2

[Event "Medellin Depart U2000"]
[Site "Medellin"]
[Date "2011.04.07"]
[Round "3.1"]
[White "Echavarria, Gustavo"]
[Black "Porras, Jaiberth"]
[Result "0-1"]
[WhiteElo "1947"]
[BlackElo "2004"]
[PlyCount "54"]
[EventDate "2011.04.04"]
[EventType "swiss"]
[EventRounds "7"]
[EventCountry "COL"]
[SourceTitle "EXT 2024"]
[Source "ChessBase"]
[SourceDate "2023.10.10"]
[SourceVersion "1"]
[SourceVersionDate "2023.10.10"]
[SourceQuality "1"]

1. d4 Nf6 2. Nd2 e5 3. dxe5 Ng4 4. Ngf3 Nc6 5. e3 Ngxe5 6. Be2 d5 7. 0-0 Be6 8. Nd4 Nxd4 9. exd4 Ng6 10. f4 f5 11. Nf3 Be7 12. Bd3 0-0 13. Qe2 Qd7 14. Re1 Bf7 15. Ne5 Nxe5 16. fxe5 Be6 17. Be3 Rf7 18. Rac1 f4 19. Rf1 fxe3 20. Qh5 g6 21. Qh6 Raf8 22. Rfe1 Bf5 23. Rxe3 Bxd3 24. Rxd3 Qf5 25. Rf3 Bg5 26. Rxf5 Bxh6 27. Rxf7 Bxc1 0-1